| 000 | 00905nam a22002777a 4500 | ||
|---|---|---|---|
| 999 |
_c20412 _d20412 |
||
| 001 | 3350357 | ||
| 003 | OSt | ||
| 005 | 20210218163009.0 | ||
| 008 | 170105b xxu||||| |||| 00| 0 eng d | ||
| 010 | _a 86005116 | ||
| 020 |
_a0809127695 (pbk.) : _c$10.95 |
||
| 020 | _a0809103737 (hard) | ||
| 040 |
_aMMU _cMMU _dMMU _beng |
||
| 050 | 0 | 0 |
_aBM525.A2 _bE18 1986 |
| 082 | 0 | 0 |
_a296.1/6 _219 |
| 245 | 0 | 4 |
_aThe Early Kabbalah / _cedited and introduced by Joseph Dan ; texts translated by Ronald C. Kiener ; preface by Moshe Idel. |
| 260 |
_aNew York : _bPaulist Press, _cc1986. |
||
| 300 |
_axiii, 205 p. : _c23 cm. |
||
| 500 | _aIncludes indexes. | ||
| 504 | _aBibliography: p. 187-191. | ||
| 650 | 0 |
_aCabala _xTranslations into English. |
|
| 650 | 0 |
_aMysticism _xJudaism _xTranslations into English. |
|
| 700 | 1 |
_aDan, Joseph, _d1935- |
|
| 700 | 1 |
_aKiener, Ronald C., _d1954- |
|
| 942 |
_2lcc _cLOAN LOAN |
||